000 00835nam a22002417a 4500
005 20150903111844.0
010 _aENG-113451
020 _c725.00
_a9788175349919
035 _aEN-96983
037 _bDBAD/PUB
082 _a345.0954
100 _aNalwa, Suman
245 _aLaw relating to dowry, dowry death, cruelty to women & domestic violence /
_cby Suman Nalwa [and] Hari Dev Kohli ; foreworded by A.S. Anand
260 _aDelhi
_bUniversal Law Publishing
_c2011
270 _aA-58, G.T. Karnal Road Industrial Area,
_bDelhi
_e110033
300 _alxii,623p.
_c25cm(Hb)
500 _aIncludes index
650 _a Women
_xCrimes against
_z India.
650 _aDowry
_zIndia
_xCriminal provisions.
650 _a Uxoricide
_z India.
700 _aKohli, Hari Dev
942 _2ddc
_cEN
_mNAL
_h345.0954
999 _c94866
_d94866